[Event "Buenos Aires Vicente Lopez Cup 19th"]
[Site "Buenos Aires"]
[Date "2017.08.22"]
[Round "8"]
[White "Mayorga, Nicolas"]
[Black "Tempone, Marcelo"]
[Result "1/2-1/2"]
[WhiteElo "2300"]
[BlackElo "2406"]
[PlyCount "44"]
[EventDate "2017.08.14"]
[EventType "tourn"]
[EventRounds "9"]
[EventCountry "ARG"]
[EventCategory "2"]
[SourceTitle "CBM 180 Extra"]
[Source "ChessBase"]
[SourceDate "2017.10.06"]
[SourceVersion "1"]
[SourceVersionDate "2017.10.06"]
[SourceQuality "1"]

1. d4 d5 2. c4 c6 3. Nf3 Nf6 4. Nc3 dxc4 5. a4 Bf5 6. Ne5 Nbd7 7. Nxc4 Nb6 8. Ne5 a5 9. f3 Nfd7 10. Nxd7 Nxd7 11. e4 Bg6 12. f4 e6 13. Bd3 h6 14. 0-0 Be7 15. Be3 0-0 16. Kh1 Kh8 17. f5 exf5 18. exf5 Bh7 19. Qg4 Nf6 20. Qh3 Re8 21. Bc4 Rf8 22. Rad1 Qb6 1/2-1/2

[Event "Buenos Aires Vicente Lopez Cup"]
[Site "Buenos Aires"]
[Date "2016.08.11"]
[Round "8"]
[White "Mayorga, Nicolas"]
[Black "Born, Carlos Rodrigo"]
[Result "1-0"]
[WhiteElo "2319"]
[BlackElo "2205"]
[PlyCount "65"]
[EventDate "2016.08.06"]
[EventType "tourn"]
[EventRounds "9"]
[EventCountry "ARG"]
[EventCategory "3"]
[SourceTitle "CBM 174 Extra"]
[Source "ChessBase"]
[SourceDate "2016.10.10"]
[SourceVersion "1"]
[SourceVersionDate "2016.10.10"]
[SourceQuality "1"]

1. c4 Nf6 2. Nf3 g6 3. b4 Bg7 4. Bb2 0-0 5. g3 d6 6. Bg2 e5 7. d3 Nh5 8. Qb3 Kh8 9. 0-0 f5 10. Nc3 g5 11. c5 f4 12. cxd6 cxd6 13. Ne4 g4 14. Nfd2 Qe7 15. b5 Be6 16. Qa3 Rd8 17. Nc4 Bd5 18. Ncxd6 Bf8 19. Qc3 Bg7 20. Nf5 Qf8 21. Nxg7 Nxg7 22. Qxe5 f3 23. exf3 gxf3 24. Bxf3 Bg8 25. Nf6 Nd7 26. Qg5 Nxf6 27. Bxf6 Rd7 28. Be4 Re8 29. h4 Qd6 30. h5 Rf7 31. Bb2 h6 32. Qg4 Bh7 33. Bg6 1-0

[Event "Buenos Aires Vicente Lopez Cup"]
[Site "Buenos Aires"]
[Date "2016.08.10"]
[Round "6"]
[White "Tempone, Marcelo"]
[Black "Mayorga, Nicolas"]
[Result "1/2-1/2"]
[WhiteElo "2366"]
[BlackElo "2319"]
[PlyCount "39"]
[EventDate "2016.08.06"]
[EventType "tourn"]
[EventRounds "9"]
[EventCountry "ARG"]
[EventCategory "3"]
[SourceTitle "CBM 174 Extra"]
[Source "ChessBase"]
[SourceDate "2016.10.10"]
[SourceVersion "1"]
[SourceVersionDate "2016.10.10"]
[SourceQuality "1"]

1. c4 Nf6 2. Nc3 e6 3. Nf3 b6 4. g3 Bb7 5. Bg2 c5 6. d4 cxd4 7. Qxd4 Be7 8. Bg5 0-0 9. 0-0 d6 10. Bxf6 Bxf6 11. Qf4 a6 12. Rfd1 Be7 13. Ne4 Bxe4 14. Qxe4 Ra7 15. Nd4 Rc7 16. b3 Bf6 17. a4 Rc5 18. Qd3 Qc7 19. Ra2 Rc8 20. e3 1/2-1/2

[Event "Buenos Aires Vicente Lopez Cup"]
[Site "Buenos Aires"]
[Date "2016.08.08"]
[Round "4"]
[White "Ocantos, Manuel"]
[Black "Mayorga, Nicolas"]
[Result "1-0"]
[WhiteElo "2171"]
[BlackElo "2319"]
[PlyCount "61"]
[EventDate "2016.08.06"]
[EventType "tourn"]
[EventRounds "9"]
[EventCountry "ARG"]
[EventCategory "3"]
[SourceTitle "CBM 174 Extra"]
[Source "ChessBase"]
[SourceDate "2016.10.10"]
[SourceVersion "1"]
[SourceVersionDate "2016.10.10"]
[SourceQuality "1"]

1. e4 c5 2. Nf3 d6 3. d4 cxd4 4. Nxd4 Nf6 5. Nc3 a6 6. Bd3 g6 7. 0-0 Bg7 8. Kh1 Nc6 9. Nxc6 bxc6 10. f4 Ng4 11. Be2 h5 12. f5 Be5 13. h3 Nf6 14. fxg6 fxg6 15. Qd3 Qb6 16. Bf4 Bxf4 17. Rxf4 Ng4 18. Bxg4 hxg4 19. e5 Bf5 20. Rxf5 gxf5 21. exd6 gxh3 22. gxh3 e6 23. d7+ Kf7 24. Rf1 Rh5 25. Ne4 Rah8 26. Nd6+ Kf8 27. Rf3 Rg8 28. Rf1 Qc7 29. Nxf5 Qxd7 30. Ng7+ Ke7 31. Qxd7+ 1-0

[Event "Buenos Aires Yael Torre Blanca-B"]
[Site "Buenos Aires"]
[Date "2016.07.23"]
[Round "3"]
[White "Mayorga, Nicolas"]
[Black "Galarce, Ruben"]
[Result "1-0"]
[WhiteElo "2313"]
[BlackElo "2055"]
[PlyCount "83"]
[EventDate "2016.07.21"]
[EventType "tourn"]
[EventRounds "9"]
[EventCountry "ARG"]
[SourceTitle "EXT 2024"]
[Source "ChessBase"]
[SourceDate "2023.10.10"]
[SourceVersion "1"]
[SourceVersionDate "2023.10.10"]
[SourceQuality "1"]

1. e4 e5 2. Nf3 Nc6 3. Bb5 Bb4 4. c3 Ba5 5. 0-0 Nge7 6. d4 exd4 7. cxd4 d5 8. Nc3 0-0 9. Bd3 Bxc3 10. bxc3 dxe4 11. Bxe4 Bf5 12. Bxf5 Nxf5 13. Ba3 Re8 14. Qb1 Qc8 15. Qd3 Qd7 16. Rab1 b6 17. Rb5 g6 18. Ng5 Nd6 19. Bxd6 cxd6 20. Qf3 f5 21. Qd5+ Kg7 22. h4 h6 23. Nh3 Rac8 24. Nf4 h5 25. Rbb1 Re4 26. g3 Ne7 27. Qb3 Ng8 28. c4 Nf6 29. Rfd1 Qf7 30. Rbc1 Nd7 31. Qa3 Nf6 32. Qxd6 Rxc4 33. Rxc4 Qxc4 34. d5 Qc3 35. Ne6+ Kh8 36. Qf8+ Ng8 37. Ng5 Re1+ 38. Rxe1 Qxe1+ 39. Kg2 Qe7 40. Nf7+ Kh7 41. Qxe7 Nxe7 42. d6 1-0

[Event "Latin Cup-A 6th"]
[Site "Buenos Aires"]
[Date "2015.03.22"]
[Round "5"]
[White "Mayorga, Nicolas"]
[Black "Hernandez Guerrero, Gilberto Eduardo"]
[Result "0-1"]
[WhiteElo "2325"]
[BlackElo "2517"]
[PlyCount "48"]
[EventDate "2015.03.19"]
[EventType "swiss"]
[EventRounds "9"]
[EventCountry "ARG"]
[SourceTitle "CBM 165 Extra"]
[Source "ChessBase"]
[SourceDate "2015.04.21"]
[SourceVersion "1"]
[SourceVersionDate "2015.04.21"]
[SourceQuality "1"]

1. d4 Nf6 2. c4 g6 3. Nc3 Bg7 4. e4 d6 5. Nf3 0-0 6. h3 c6 7. Bg5 a6 8. Be2 b5 9. a3 Nbd7 10. 0-0 Bb7 11. Qc2 bxc4 12. Bxc4 c5 13. e5 cxd4 14. exf6 exf6 15. Bf4 Bxf3 16. gxf3 dxc3 17. Bxd6 Re8 18. Qb3 Ne5 19. Bxe5 Rxe5 20. Bxf7+ Kh8 21. Rad1 Qc7 22. Bd5 Rb8 23. Qxc3 Rg5+ 24. Kh1 Qd7 0-1

[Event "Villa Martelli ITT 15th"]
[Site "Villa Martelli"]
[Date "2013.09.15"]
[Round "1"]
[White "Mayorga, Nicolas"]
[Black "Leon, Juan Carlos"]
[Result "1/2-1/2"]
[WhiteElo "2313"]
[BlackElo "2279"]
[PlyCount "62"]
[EventDate "2013.09.15"]
[EventType "tourn"]
[EventRounds "9"]
[EventCountry "ARG"]
[EventCategory "1"]
[SourceTitle "CBM 156 Extra"]
[Source "ChessBase"]
[SourceDate "2013.10.22"]
[SourceVersion "1"]
[SourceVersionDate "2013.10.22"]
[SourceQuality "1"]

1. d4 d5 2. c4 c6 3. Nf3 Nf6 4. Nc3 a6 5. c5 Bf5 6. Nh4 Be6 7. Qb3 Qc8 8. Bf4 Nbd7 9. Qc2 g6 10. e3 Bg7 11. Bd3 0-0 12. h3 Nh5 13. Bh2 f5 14. Nf3 Nhf6 15. Ng5 Bf7 16. 0-0 Ne8 17. Na4 Qd8 18. f4 Nef6 19. Kh1 Kh8 20. Rg1 Bg8 21. g4 e6 22. b4 Ne4 23. Nxe4 dxe4 24. Be2 fxg4 25. hxg4 Qh4 26. g5 e5 27. Rg4 Qh3 28. Rg3 Qh4 29. Rg4 Qh3 30. Rg3 Qh4 31. Rg4 Qh3 1/2-1/2

[Event "Buenos Aires Duchamp Boca op 3rd"]
[Site "Buenos Aires"]
[Date "2013.06.29"]
[Round "9"]
[White "Martinez de Negri, Agustin Gonzalo"]
[Black "Mayorga, Nicolas"]
[Result "1-0"]
[WhiteElo "2173"]
[BlackElo "2312"]
[PlyCount "107"]
[EventDate "2013.06.20"]
[EventType "swiss"]
[EventRounds "9"]
[EventCountry "ARG"]
[SourceTitle "CBM 155 Extra"]
[Source "ChessBase"]
[SourceDate "2013.08.26"]
[SourceVersion "1"]
[SourceVersionDate "2013.08.26"]
[SourceQuality "1"]

1. e4 d5 2. exd5 Qxd5 3. Nc3 Qa5 4. d4 Nf6 5. Bc4 Bf5 6. Nf3 e6 7. Bd2 c6 8. 0-0 Qc7 9. Re1 Bd6 10. h3 Nbd7 11. Nh4 Bg6 12. Nxg6 hxg6 13. a4 Rh5 14. a5 Bh2+ 15. Kh1 Bf4 16. a6 b5 17. Be2 Bxd2 18. Qxd2 Rf5 19. Bf3 0-0-0 20. Ne2 Ne5 21. Ng1 g5 22. Qc3 Nxf3 23. Nxf3 g4 24. Ne5 gxh3 25. Qxc6 hxg2+ 26. Kxg2 Rg5+ 27. Kf1 Qxc6 28. Nxc6 Rh8 29. Ke2 Kc7 30. Ne5 Rf8 31. Rg1 Rxg1 32. Rxg1 Nh5 33. Ke3 g6 34. b3 Ng7 35. c4 Nf5+ 36. Kd3 f6 37. Nxg6 bxc4+ 38. bxc4 Rg8 39. Rg2 Rd8 40. Rg4 Kb6 41. Nh4 Nxh4 42. Rxh4 Kxa6 43. Rh6 Rf8 44. Rh7 e5 45. d5 f5 46. Re7 e4+ 47. Kd4 Kb6 48. c5+ Kb5 49. Rb7+ Ka6 50. c6 Re8 51. Rb1 f4 52. c7 e3 53. fxe3 fxe3 54. Rb8 1-0

[Event "Buenos Aires Duchamp Boca op 3rd"]
[Site "Buenos Aires"]
[Date "2013.06.28"]
[Round "8"]
[White "Mayorga, Nicolas"]
[Black "Slipak, Sergio"]
[Result "0-1"]
[WhiteElo "2312"]
[BlackElo "2440"]
[PlyCount "100"]
[EventDate "2013.06.20"]
[EventType "swiss"]
[EventRounds "9"]
[EventCountry "ARG"]
[SourceTitle "CBM 155 Extra"]
[Source "ChessBase"]
[SourceDate "2013.08.26"]
[SourceVersion "1"]
[SourceVersionDate "2013.08.26"]
[SourceQuality "1"]

1. d4 Nf6 2. c4 e6 3. Nf3 b6 4. g3 Bb7 5. Bg2 Be7 6. 0-0 0-0 7. d5 Na6 8. Nc3 Bb4 9. Bd2 Nc5 10. Na4 Bxd2 11. Nxc5 bxc5 12. Nxd2 exd5 13. cxd5 Bxd5 14. Bxd5 Nxd5 15. Ne4 Nf6 16. Nxc5 d6 17. Nd3 Qd7 18. Rc1 Rfe8 19. Rc2 Re7 20. Nf4 Rae8 21. Qd3 Re5 22. Rfc1 c5 23. Rd1 g5 24. Ng2 Rd5 25. Qxd5 Nxd5 26. Rxd5 Re5 27. Rxe5 dxe5 28. Ne3 Qd4 29. g4 h5 30. h3 a5 31. b3 f6 32. Kg2 hxg4 33. hxg4 Kf7 34. Rc4 Qb2 35. Rc2 Qb1 36. a4 Qxb3 37. Rc4 Ke6 38. Re4 Qa2 39. Rc4 Kd6 40. Kf1 Qb3 41. Kg2 Kc6 42. Re4 Qa2 43. Kf3 Qb1 44. Rc4 Qh1+ 45. Kg3 Qh4+ 46. Kf3 Qh2 47. Nf5 Qh3+ 48. Ng3 Kd5 49. Rc1 e4+ 50. Ke3 Qxg4 0-1

[Event "Benavidez"]
[Site "Benavidez"]
[Date "2013.04.30"]
[Round "4"]
[White "Mayorga, Nicolas"]
[Black "Perez, Maximiliano"]
[Result "1/2-1/2"]
[WhiteElo "2284"]
[BlackElo "2298"]
[PlyCount "108"]
[EventDate "2013.04.28"]
[EventType "tourn"]
[EventRounds "9"]
[EventCountry "ARG"]
[EventCategory "2"]
[SourceTitle "CBM 154 Extra"]
[Source "ChessBase"]
[SourceDate "2013.06.25"]
[SourceVersion "2"]
[SourceVersionDate "2013.06.25"]
[SourceQuality "1"]

1. e4 c5 2. Nf3 d6 3. d4 cxd4 4. Nxd4 Nf6 5. Nc3 g6 6. Be3 Bg7 7. f3 0-0 8. Qd2 Nc6 9. g4 Bxg4 10. fxg4 Nxg4 11. Bg1 e6 12. h4 h5 13. Nxc6 bxc6 14. Be2 Bh6 15. Qd3 Ne5 16. Qg3 Rb8 17. Rd1 Qa5 18. b3 f5 19. exf5 Rxf5 20. Rh3 Nf3+ 21. Bxf3 Qxc3+ 22. Kf1 Kh7 23. Kg2 Qxc2+ 24. Qf2 Qxf2+ 25. Bxf2 d5 26. Rd4 Rb7 27. Ra4 Rff7 28. Be2 e5 29. Rc3 Rf6 30. Ra6 Rc7 31. Bxa7 d4 32. Rc4 Rcf7 33. Rc2 Rd7 34. Bd3 e4 35. Bxe4 d3 36. Rf2 Rxf2+ 37. Bxf2 d2 38. Bc2 d1Q 39. Bxd1 Rxd1 40. Rxc6 Rd2 41. a4 Be3 42. Rf6 Rb2 43. Rf3 Bxf2 44. Rxf2 Rxb3 45. Ra2 g5 46. hxg5 Kg6 47. a5 Kxg5 48. a6 Rb8 49. Kf3 h4 50. Ra5+ Kf6 51. Ke4 Ra8 52. Kf4 h3 53. Rh5 Kg6 54. Rxh3 Rxa6 1/2-1/2

[Event "Buenos Aires Duchamp Memorial op 5th"]
[Site "Buenos Aires"]
[Date "2013.03.28"]
[Round "7"]
[White "Mayorga, Nicolas"]
[Black "Perez Ponsa, Federico"]
[Result "1/2-1/2"]
[WhiteElo "2284"]
[BlackElo "2476"]
[PlyCount "28"]
[EventDate "2013.03.23"]
[EventType "swiss"]
[EventRounds "8"]
[EventCountry "ARG"]
[SourceTitle "CBM 153 Extra"]
[Source "ChessBase"]
[SourceDate "2013.04.22"]
[SourceVersion "1"]
[SourceVersionDate "2013.04.22"]
[SourceQuality "1"]

1. e4 c5 2. Nf3 d6 3. d4 cxd4 4. Nxd4 Nf6 5. Nc3 a6 6. Be2 e5 7. Nb3 Be7 8. 0-0 0-0 9. Be3 Be6 10. Nd5 Nbd7 11. Qd3 Bxd5 12. exd5 Nc5 13. Qd2 Nfe4 14. Qb4 a5 1/2-1/2

[Event "Buenos Aires Yael Torre Blanca-B"]
[Site "Buenos Aires"]
[Date "2012.07.??"]
[Round "2"]
[White "Fabian, Gaston"]
[Black "Mayorga, Nicolas"]
[Result "1-0"]
[WhiteElo "2338"]
[BlackElo "2313"]
[PlyCount "41"]
[EventDate "2012.07.21"]
[EventType "tourn"]
[EventRounds "9"]
[EventCountry "ARG"]
[SourceTitle "EXT 2024"]
[Source "ChessBase"]
[SourceDate "2023.10.10"]
[SourceVersion "1"]
[SourceVersionDate "2023.10.10"]
[SourceQuality "1"]

1. Nf3 c5 2. c4 Nf6 3. Nc3 d5 4. cxd5 Nxd5 5. g3 Nc6 6. Bg2 Nc7 7. 0-0 e5 8. a3 f6 9. e3 Be7 10. d4 cxd4 11. exd4 exd4 12. Ne2 Ne6 13. b4 d3 14. Nf4 Nxf4 15. Bxf4 g5 16. b5 Na5 17. Nxg5 fxg5 18. Qh5+ Kf8 19. Be5 Bf6 20. Qh6+ Kf7 21. Bd5+ 1-0

[Event "Banfield Bolbochan Memorial 3rd"]
[Site "Banfield"]
[Date "2011.09.04"]
[Round "7"]
[White "Mayorga, Nicolas"]
[Black "Villanueva, Mario Nicolas"]
[Result "1/2-1/2"]
[WhiteElo "2339"]
[BlackElo "2378"]
[PlyCount "93"]
[EventDate "2011.08.29"]
[EventType "tourn"]
[EventRounds "9"]
[EventCountry "ARG"]
[EventCategory "3"]
[SourceTitle "CBM 144 Extra"]
[Source "ChessBase"]
[SourceDate "2011.10.28"]
[SourceVersion "1"]
[SourceVersionDate "2011.10.28"]
[SourceQuality "1"]

1. d4 Nf6 2. c4 g6 3. Nc3 Bg7 4. e4 d6 5. Nf3 0-0 6. Be2 e5 7. d5 a5 8. Bg5 h6 9. Bh4 Na6 10. Nd2 Bd7 11. a3 Qe8 12. b3 Nxe4 13. Ncxe4 f5 14. Bd3 fxe4 15. Nxe4 Bf5 16. Qb1 Nc5 17. Bg3 Nxd3+ 18. Qxd3 g5 19. 0-0 Qg6 20. Rae1 h5 21. f3 g4 22. Kh1 Rf7 23. Rf2 Raf8 24. Qe2 Bh6 25. c5 Kh7 26. cxd6 cxd6 27. Ref1 gxf3 28. Rxf3 Bf4 29. Nf2 Bxg3 30. hxg3 Kg8 31. Kh2 Bc2 32. Qe3 Bf5 33. Nh3 Bxh3 34. Kxh3 Qg4+ 35. Kh2 h4 36. gxh4 Rxf3 37. Rxf3 Rxf3 38. gxf3 Qxh4+ 39. Kg2 Kf7 40. Qb6 Qg5+ 41. Kh3 Qh6+ 42. Kg2 Qd2+ 43. Kg3 Qxd5 44. Qd8 e4 45. Qd7+ Kf6 46. Qd8+ Kf7 47. Qd7+ 1/2-1/2